00606cpcaa22002057a 4500001001300000003000400013005001700017008004100034010001700075040002400092072001200116100004200128245003900170300001300209506002200222533004600244580005700290546003600347999001700383mm 80002902 DLC20260227111701.0800129|||||||||||| eng  amm 80002902  aDLCedacscDLCdDLC 7aW2lcmd1 aWilson, Thomas C.,dactive 1846-1847.00aThomas C. Wilson deed,f1846-1847. a1fitem.0 aOpen to research. aIn part, handwritten transcript.b[S.l.]. aForms part of: Miscellaneous Manuscripts collection. aCollection material in English. c42629d42629